000
00238nam a2200085Ia 4500
008
201231s9999 xx 000 0 und d
100
_a
Gorton, Lars, Ihre, Rolf and Sandevarn, Arne
245
0
_a
Shipbroking and Chartering Practice
942
_c
BK
999
_c
9785
_d
9785